Представление документа в формате RUSMARC

ПолеНазваниеЗначение
  Тип записи i
  Библиографический уровень m
001 Контрольный номер RU/ГПНТБ России/KNIGADB/84(2Рос=Рус)6/Ч-84-569222613
005 Дата корректировки 20211217162021.6
010 Индекс ISBN __
a ISBN 978-5-9677-2788-7
b Уточнения в кор.
d Цена 263-00
100 Данные общей обработки __
a Данные общей обработки 20201226d2019####ma y0rusy0289 ca
101 Язык документа 0_
a Язык текста rus
102 Страна публикации __
a Страна публикации RU
105 Кодированные данные (монография) __
a Кодированные данные (монография)
106 Кодированные данные (форма документа) __
a Кодированные данные для формы документа (Обозначение носителя) s
125 Кодированные данные звукозаписи и нотных изданий __
b Определитель литературного текста с
126 Кодированные данные (звукозаписи-физические характеристики) __
a Кодированные данные звукозаписи (общие) agbхhхх cd
b Кодированные данные звукозаписи (уточнения) xxx
127 Кодированные данные (звукозаписи-физические характеристики) __
a Продолжительность проигрывания 2009##
135 Кодированные данные (электронные ресурсы) __
a Кодированные данные (электронные ресурсы) hongannnauuuu
181 Поле кодированных данных: вид содержания _0
a Код вида содержания (ISBD) h
182 Поле кодированных данных: тип средства _0
a Код типа средства (ISBD) a
200 Заглавие и сведения об ответственности 1_
a Заглавие Ложится мгла на старые ступени
e Сведения, относящиеся к заглавию [аудиокнига]
f Первые сведения об ответственности Александр Чудаков ; исполняет Федор Степанов ; звукорежиссер Павел Брусков ; продюсер Елена Лихачева ; музыка И. С. Баха
203 Вид содержания и тип средства __
a Вид содержания Устная речь
c Тип средства аудио
210 Выходные данные 1_
a Место издания Москва
c Издательство 1С-Паблишинг
d Дата издания 2019
215 Физическое описание __
a Объем 2 эл. опт. диск (CD-ROM) (20 ч. 9 мин.)
d Формат 12 см
c Иллюстрации/тип воспроизводства зв.
300 Общие примечания __
a Общие примечания Лауреат премии "Русский Букер десятилетия".
300 Общие примечания __
a Общие примечания Заглавие с этикетки диска
300 Общие примечания __
a Общие примечания Данные в формате MP3
330 Аннотация __
a Аннотация Александр Павлович Чудаков (1938-2005) - российский филолог, литературовед и писатель, муж академика Мариэтты Чудаковой. Его единственным крупным художественным произведением стал историко-философский роман "Ложится мгла на старые ступени", отмеченный в 2011 году премией "Русский Букер" как лучшая книга десятилетия. Произведение автобиографическое, время действия - с конца Великой Отечественной войны по середину 1980-х годов. Под вымышленным названием Чебачинск явлен вполне реальный город Щучинск, расположенный в Северном Казахстане. В ту пору этот городок был для многих местом ссылки. Его населяли старые интеллигенты, раскулаченные крестьяне, депортированные чеченцы, высланные немцы и остатки русской аристократии. В романе два главных героя. Антон Стремоухов, молодой ученый-историк, уроженец Чебачинска, приезжает в конце 1960-х годов в город своего детства. Он бродит по знакомым улицам, вспоминает эпизоды из прошлого, школу, друзей, соседей... Второй центральный персонаж - дед Антона: с его появления произведение начинается и рассказом о том, как он умирал, завершается.
333 Примечание о целевом назначении __
a Примечание о целевом назначении 16+. Для детей старше 16 лет
337 Примечание о системных требованиях (электронные ресурсы) __
a Примечание о системных требованиях (электронные ресурсы) Системные требования: персональный компьютер ; MS Windows 95/98/2000/XP/Vista/7/8/10 ; Pentium 100 ; ОЗУ 16 Мб ; монитор SVGA, 800x600 ; устройство чтения CD/DVD-ROM ; звуковая карта ; колонки или наушники ; мышь ; аудиосистемы с поддержкой формата MP3
606 Тематические рубрики __
a Основная рубрика Художественная литература
606 Тематические рубрики __
a Основная рубрика Русская литература XX в. (произведения)
610 Ключевые слова 0_
a Ключевые слова романы
610 Ключевые слова 0_
a Ключевые слова проза
610 Ключевые слова 0_
a Ключевые слова книги-лауреаты
610 Ключевые слова 0_
a Ключевые слова премии
610 Ключевые слова 0_
a Ключевые слова романы-размышления
610 Ключевые слова 0_
a Ключевые слова тема детства
610 Ключевые слова 0_
a Ключевые слова тема жизни
610 Ключевые слова 0_
a Ключевые слова тема судьбы
610 Ключевые слова 0_
a Ключевые слова тема СССР
610 Ключевые слова 0_
a Ключевые слова тема ссыльнопоселенцев
610 Ключевые слова 0_
a Ключевые слова тема родины
610 Ключевые слова 0_
a Ключевые слова автобиографическая проза
686 Индексы других классификаций __
2 Код системы rubbks
a Классификационный индекс 84(2=411.2)6-4я04; ст84(2=411.2)6-4я0
700 Автор _1
a Фамилия Чудаков
b Имя А. П.
g Полное личное имя Александр Павлович
f Даты 1938-2005
4 Код отношения 070
702 Вторичная интеллектуальная ответственность _1
a Фамилия Степанов
b Имя Ф.
g Полное личное имя Федор
4 Код отношения 590
702 Вторичная интеллектуальная ответственность _1
a Фамилия Брусков
b Имя П.
g Полное личное имя Павел
4 Код отношения 570
702 Вторичная интеллектуальная ответственность _1
a Фамилия Лихачева
b Имя Е.
g Полное личное имя Елена
4 Код отношения 665
702 Вторичная интеллектуальная ответственность _1
a Фамилия Бах
b Имя И. С.
g Полное личное имя Иоганн Себастьян
f Даты 1685-1750
4 Код отношения 230
801 Источник записи _0
b Организация ГПНТБ России
a Страна RU
c Дата составления 20201226
g Правила каталогизации PSBO
801 Источник записи _1
b Организация ГПНТБ России
a Страна RU
c Дата составления 20201226
g Правила каталогизации PSBO
852 Данные о местонахождении 5_
i Авторский знак Ч-84
j Шифр хранения 84(2=411.2)6-4я04
900 Макрообъекты __
a Макрообъекты Ложится мгла на старые ступени, 2019 г (эл. ресурс)
901 Тип документа __
a Ответственный ООФиК/Волкова
t Тип документа 0
903 Характеристики (МАРС) __
a Дата передачи 20210204
c Наименование библиотеки (МАРС) Муниципальное бюджетное учреждение культуры "Централизованная библиотечная система" г. Сургут (Центральная городская библиотека им. А. С. Пушкина)
969 Тип издания __
a Тип издания издание для слепых
a Тип издания аудиокнига
990 Данные о заказе (DOS) __
j Количество экземпляров (DOS) 2
t N записи в КСУ для И/У (DOS) 202102